Artificial intelligence : structures and strategies for complex problem solving (Record no. 175530)

MARC details
000 -LEADER
fixed length control field 00488nam a2200157Ia 4500
008 - FIXED-LENGTH DATA ELEMENTS--GENERAL INFORMATION
fixed length control field 231217s9999 xx 000 0 und d
041 ## - LANGUAGE CODE
Language code of text/sound track or separate title English
082 ## - DEWEY DECIMAL CLASSIFICATION NUMBER
Classification number 001.535 LUG;25
100 ## - MAIN ENTRY--PERSONAL NAME
Personal name Luger, George F
245 #0 - TITLE STATEMENT
Title Artificial intelligence : structures and strategies for complex problem solving
250 ## - EDITION STATEMENT
Edition statement 4th ed.
260 ## - PUBLICATION, DISTRIBUTION, ETC.
Date of publication, distribution, etc. 2002
Name of publisher, distributor, etc. Pearson
Place of publication, distribution, etc. Delhi
300 ## - PHYSICAL DESCRIPTION
Extent xxiii+856
650 ## - SUBJECT ADDED ENTRY--TOPICAL TERM
Topical term or geographic name entry element Artificial,intelligence,:,structures,strategies,complex,problem,solving
942 ## - ADDED ENTRY ELEMENTS (KOHA)
Koha item type Books
Holdings
Date last seen Total checkouts Full call number Accession number Cost, total (INR) price Price effective from Category Lost status Damaged status Department Withdrawn status Home library Current library Shelving location Entry date Vendor Cost, normal purchase price Grants Billnumber Billdate Currency symbol Conversion rate Discount Old discount
26/01/2024   001.535 LUG;25 36184 288.00 26/01/2024 Books     Central Library   Central Library Central Library Central Library 13/06/2005 Sapna Book House 360.00 IS 27804 13/03/2002 RS 1 72 20
26/01/2024   001.535 LUG 37904   26/01/2024 Books     Information Science   Central Library Central Library Central Library 21/09/2005 Publisher   IS   09/03/2012 RS 1    

© For any Suggestions or Query, please contact the library staff @ librarian@pes.edu or Phone: +9180 2672 1983/ 2108.